000
00458nam a2200145Ia 4500
008
100122s9999 xx 000 0 und d
082
_b
19505
_a
823
100
_a
हसमनीस द का
245
_a
सोन्याची पाउले
260
_b
युवराज प्रकाशन
_c
1973
300
_a
148
630
_a
सोन्याची पाउले
730
_a
सोन्याची पाउले
942
_c
BOOK
999
_c
408517
_d
408514